000 00212 a2200097 4500
001 13351
100 _aKenen, P.B
245 _aGiant among nations
260 _aNew York
_bharcourt brage
_c
090 _c10367
_d10367
942 _aNUST-CAE
_cM
_c411
999 _c248424
_d248424